Škatuľka s fotografiami Self-help, alebo, Moc nou-hau

Bibliographic Details
Main Author: Bán, Zsófia, 1957- (Author)
Other Authors: Deáková, Renáta, 1968- (Translator)
Format: Article
Language:Slovak
Hungarian
PhysicalDescription:Fotogr.
ISSN:0231-6269
Subjects:

MARC

LEADER 00000nab a2200000 a 4500
001 vtls010173231
003 SK-MaSNL
005 20260304155512.0
008 250507c2010 xo ||||||||||||00 b|slo
015 |a SNBRB2010/09  |2 snkbucl 
035 |a (uuid)6e016d26-2423-4866-9643-ccab3c74a327 
035 |a urn:nbn:sk:snk-abc68t 
035 |a (urnnbn)urn:nbn:sk:snk:ar-004g28 
038 |a SNKBUCL 
040 |a SNKBUCL  |b slo  |c SNKBUCL  |e AACR2 
041 1 |a slo  |h hun 
044 |a xo  |c SK 
080 |a 821.511.141-32  |2 2001 
100 1 |a Bán, Zsófia,  |d 1957-  |4 aut  |9 593585 
245 1 0 |a Škatuľka s fotografiami  |b Self-help, alebo, Moc nou-hau  |c Zsófia Bánová ; preložila Renáta Deáková 
300 |b Fotogr. 
650 0 7 |a maďarské poviedky  |2 snkbucl  |9 296245 
700 1 |a Deáková, Renáta,  |d 1968-  |4 trl  |9 101122 
740 0 2 |a Self-help, alebo, Moc nou-hau 
773 0 |t Revue svetovej literatúry  |g Roč. XLVI, č. 2 (2010), s. 13-19  |x 0231-6269 
850 |a Slovenská národná knižnica 
852 |a Slovenská národná knižnica 
958 |a article15 
958 |a OND 
958 |a LX 
958 |a HU 
958 |a EUIPO 
999 |c 2962721  |d 2964651